000 00933nmm a2200265 a 4500
001 ocm0001682891
003 TR-IsHL
005 20201028170140.0
008 180104s2011 tu tur
007 cr cn
020 _a9786054334643
035 _a1682891
_b(N$T)
050 0 4 _aBF637
_b.G56 2011
090 0 4 _aBF637
_b.G56 2011
100 1 _aGülmez, Bünyamin
245 1 0 _aKaliteli yaşam sanatı: yaşamınız için eşsiz pratik çözümler rehberi
_h[electronic resource] /
_cBünyamin Gülmez
260 _aAnkara :
_bEfil Yayınevi,
_c2011
300 _a290 p.
650 4 _aFelsefe, Psikoloji ve Din
650 4 _aPhilosophy, Psychology and Religion
650 0 _aÖzyapabilirlik (Psikoloji)
650 0 _aSelf-actualization (Psychology)
650 7 _aSELF-HELP / Personal Growth / Success
_2bisacsh
856 4 0 _uhttp://search.ebscohost.com/login.aspx?direct=true&scope=site&db=e011xww&AN=1682891
999 _c16120
_d16120